Poemas y sonetos
Đã lưu trong:
| Tác giả chính: | |
|---|---|
| Định dạng: | Sách |
| Ngôn ngữ: | Tiếng Tây Ban Nha |
| Được phát hành: |
Buenos Aires
Losada
1940
|
| Loạt: | Las cien obras maestras de la literatura y del pensamiento universal, 16
|
| Những chủ đề: | |
| Các nhãn: |
Thêm thẻ
Không có thẻ, Là người đầu tiên thẻ bản ghi này!
|
MARC
| LEADER | 00000nam a2200000 a 4500 | ||
|---|---|---|---|
| 001 | UCY2423 | ||
| 003 | CL-VaPUC | ||
| 008 | 941025e19400000AG |||||||||||||||||spa|d | ||
| 082 | 0 | 4 | |a 861 |b GON |2 21 |
| 100 | 0 | |a Góngora y Argote, Luis de |e author |9 267951 | |
| 245 | 1 | 0 | |a Poemas y sonetos |
| 300 | |a 271 p | ||
| 942 | |c BK | ||
| 945 | |d 19941025 00:00:00 |a mfernand | ||
| 260 | |a Buenos Aires |b Losada |c 1940 | ||
| 650 | 0 | |a Poesías españolas |9 265100 | |
| 583 | |a last modification |c 19941025 00:00:00 |k Rodrigo Vera | ||
| 490 | 0 | |a Las cien obras maestras de la literatura y del pensamiento universal, 16 | |
| 999 | |c 230834 |d 230832 | ||
| 952 | |0 0 |1 0 |4 0 |6 861_000000000000000_GON_1940 |7 0 |8 A |9 233418 |a BIBEDU |b BIBEDU |d 2019-11-15 |i 3023095 |o 861 GON 1940 |p 3023095 |r 2019-11-15 |w 2019-11-15 |y BK |k LIT | ||